00421nam a2200097Ia 4500008004100000245013100041245005900172260000900231650003200240856005100272171204s9999 xx 000 0 und d 4aThe Worlds Of Farscape: Essays On The Groundbreaking Television Series: (Critical Explorations in Science Fiction and Fantasy) cC. W. Sullivan III, Donald E. Palumbo, and Sherry Ginn c2013 xTV PRODUCTION AND DIRECTION uhttp://down.ebook777.com/025/9780786467907.pdf